<?xml version="1.0" encoding="UTF-8"?>
<record
    xmlns:xsi="http://www.w3.org/2001/XMLSchema-instance"
    xsi:schemaLocation="http://www.loc.gov/MARC21/slim http://www.loc.gov/standards/marcxml/schema/MARC21slim.xsd"
    xmlns="http://www.loc.gov/MARC21/slim">

  <leader>00739nam a22002417a 4500</leader>
  <controlfield tag="001"> 65538 </controlfield>
  <controlfield tag="003">UA-OsUOA</controlfield>
  <controlfield tag="005">20220413221647.0</controlfield>
  <controlfield tag="007">ta</controlfield>
  <controlfield tag="008">20091126b un ||||| |||| 00| 0 ukr d</controlfield>
  <datafield tag="020" ind1=" " ind2=" ">
    <subfield code="a">9660238797</subfield>
  </datafield>
  <datafield tag="040" ind1=" " ind2=" ">
    <subfield code="a">UA-OsUOA</subfield>
    <subfield code="b">ukr</subfield>
    <subfield code="c">UA-OsUOA</subfield>
    <subfield code="d">UA-OsUOA</subfield>
  </datafield>
  <datafield tag="041" ind1=" " ind2=" ">
    <subfield code="a">ukr</subfield>
  </datafield>
  <datafield tag="080" ind1=" " ind2=" ">
    <subfield code="a">281.96(477.4)(091)</subfield>
  </datafield>
  <datafield tag="090" ind1=" " ind2=" ">
    <subfield code="a">281.96(477.4)(091)</subfield>
    <subfield code="b">&#x422;19</subfield>
  </datafield>
  <datafield tag="100" ind1=" " ind2=" ">
    <subfield code="a">&#x422;&#x430;&#x440;&#x430;&#x43D;&#x435;&#x446;&#x44C; &#x421;.</subfield>
  </datafield>
  <datafield tag="245" ind1=" " ind2=" ">
    <subfield code="a">&#x414;&#x436;&#x435;&#x440;&#x435;&#x43B;&#x430; &#x437; &#x456;&#x441;&#x442;&#x43E;&#x440;&#x456;&#x457; &#x441;&#x442;&#x430;&#x440;&#x43E;&#x43E;&#x431;&#x440;&#x44F;&#x434;&#x441;&#x442;&#x432;&#x430; &#x41F;&#x440;&#x430;&#x432;&#x43E;&#x431;&#x435;&#x440;&#x435;&#x436;&#x43D;&#x43E;&#x457; &#x423;&#x43A;&#x440;&#x430;&#x457;&#x43D;&#x438; &#x43A;&#x456;&#x43D;&#x446;&#x44F; 18 &#x2013; &#x43F;&#x43E;&#x447;. 20 &#x441;&#x442;.</subfield>
  </datafield>
  <datafield tag="260" ind1=" " ind2=" ">
    <subfield code="a">&#x41A;.</subfield>
    <subfield code="c">2007</subfield>
  </datafield>
  <datafield tag="300" ind1=" " ind2=" ">
    <subfield code="a">456 &#x441;.</subfield>
  </datafield>
  <datafield tag="650" ind1=" " ind2="7">
    <subfield code="a">281.9 &#x421;&#x445;&#x456;&#x434;&#x43D;&#x430; &#x43F;&#x440;&#x430;&#x432;&#x43E;&#x441;&#x43B;&#x430;&#x432;&#x43D;&#x430; &#x446;&#x435;&#x440;&#x43A;&#x432;&#x430; &#x456; &#x441;&#x43A;&#x43E;&#x43F;&#x446;&#x456;</subfield>
    <subfield code="2">UDC</subfield>
  </datafield>
  <datafield tag="942" ind1=" " ind2=" ">
    <subfield code="c">BK</subfield>
    <subfield code="2">udc</subfield>
  </datafield>
  <datafield tag="955" ind1=" " ind2=" ">
    <subfield code="a">2</subfield>
  </datafield>
  <datafield tag="999" ind1=" " ind2=" ">
    <subfield code="c">351509</subfield>
    <subfield code="d">351509</subfield>
  </datafield>
  <datafield tag="952" ind1=" " ind2=" ">
    <subfield code="0">0</subfield>
    <subfield code="1">0</subfield>
    <subfield code="2">udc</subfield>
    <subfield code="4">0</subfield>
    <subfield code="7">0</subfield>
    <subfield code="8">C_ZHULYNSKYI</subfield>
    <subfield code="a">102</subfield>
    <subfield code="b">102</subfield>
    <subfield code="d">2009-11-26</subfield>
    <subfield code="e">132/2009</subfield>
    <subfield code="g">40.00</subfield>
    <subfield code="i">124978</subfield>
    <subfield code="o">281.96(477.4)(091) &#x422;19</subfield>
    <subfield code="p">124978</subfield>
    <subfield code="r">2021-12-14 00:00:00</subfield>
    <subfield code="w">2009-11-26</subfield>
    <subfield code="y">BK</subfield>
    <subfield code="z">&#x437; &#x430;&#x432;&#x442;&#x43E;&#x433;&#x440;&#x430;&#x444;&#x43E;&#x43C; &#x421;. &#x422;&#x430;&#x440;&#x430;&#x43D;&#x446;&#x44F;</subfield>
  </datafield>
</record>
